Душа в душата (Запис номер 347424)
[ съкратено ]
| 000 -Лидер | |
|---|---|
| Контролно поле с фиксирана дължина | nam a22 a 4500 |
| 003 - Код на организацията, давaща контролен номер | |
| Контролно поле | BLK |
| 005 - Дата и час на последна редакция | |
| Контролно поле | 20221128093233.0 |
| 008 - Елементи от данни с фиксирана дължина | |
| fixed length control field | 191223b bu ||||| |||| 00| 0 bu d |
| 020 ## - Международен стандартен номер на книга ISBN | |
| Международен стандартен номер на книга ISBN | 9786191865185 |
| 040 ## - Източник на каталожния запис | |
| Идентификатор на билиотеката - собственик на записа | BLK |
| 041 ## - Код за език | |
| Код за езика на текст/звукозапис или на отделно заглавие | Български |
| Код за езика КДБФ | Български |
| 080 ## - УДК | |
| Текстов определител УДК | Българска литература |
| УДК код - определител по УДК | 821.163.2 |
| УДК определител | -94 |
| УДК - код + определител | 821.163.2-94 |
| 080 ## - УДК | |
| Текстов определител УДК | Българска литература |
| УДК код - определител по УДК | 821.163.2 |
| УДК определител | (092) |
| УДК - код + определител | 821.163.2(092) |
| 080 ## - УДК | |
| Текстов определител УДК | Българска писателка и историк |
| УДК код - определител по УДК | 929 Мутафчиева, Вера Петрова |
| УДК - код + определител | 929 Мутафчиева, Вера Петрова |
| 100 ## - Редна дума - Автор | |
| R(LIN) | 325815 |
| Автор | Апостолова, Божана Георгиева |
| Авторска отговорност | първи автор |
| Автор - информация (биография) | Апостолова-Пейкова, Божана Георгиева |
| 139 ## - Редно поле | |
| Редна дума | Апостолова, Божана Георгиева |
| Авторски знак | Ап - А 78 |
| 245 ## - Сведения за заглавието | |
| Заглавие | Душа в душата |
| Подзаглавни данни | Спомени за Вера Мутафчиева |
| 260 ## - Област на издателските данни | |
| 9 (RLIN) | 209682 |
| Място на издаване, разпространение и проч. | Пловдив |
| Име на издателя, разпространителя и проч. | Жанет 45 |
| Година на издаване | 2019 |
| Издателство - префикс ISBN | 978-619-186- ; 978-954-491- |
| 300 ## - Физическа характеристика | |
| Страници | 134 с. : със сн. |
| Размери/Мащаб | 20 см |
| 380 ## - Жанр | |
| Жанр | Худож. лит. |
| 999 ## - СИСТЕМНИ КОНТРОЛНИ НОМЕРА | |
| Koha biblionumber | 347424 |
| Koha biblioitemnumber | 347424 |
| 942 ## - АРТИКУЛИ | |
| Вид на библиотечния материал | Книги |
| Скрит в OPAC | Не |
| Периодичен библиозапис | Да |
| Koha issues (borrowed), all copies | 7 |
| Код за отписване | Код за изгубен артикул | Източник на класификационната схема | Код за повреда | Коз за рестрикции | Код за отдаване | Артикулен № | Име на библиотеката - собственик | Име на библиотеката, в която се намира в момента | Статус (Текущо местоположение) | Дата на вписване в системата | Местоположение - отдел | Цена в лева | Систематично азбучна сигнатура | Баркод | Цена в евро | Служебен тип на артикула |
|---|---|---|---|---|---|---|---|---|---|---|---|---|---|---|---|---|
| Не е изгубен | Universal Decimal Classification | Не е повреден | без рестрикции | заемане за дома | 753188 | Регионална библиотека "Любен Каравелов" Русе | Регионална библиотека "Любен Каравелов" Русе | Заемна - подръчен фонд | 2019-12-23 | Заемна - подръчен фонд | 9.74 | П 886.7-9/А 78 | 120000840496 | 4.98 | Книги |